000
00331 a2200121 4500
001
ART_41396
005
20260410161754.0
008
260409a
245
1
0
_a
Sinceramiento fiscal
100
1
_a
Simaro, Gustavo
700
1
_a
Torchelli, Valeria
773
0
_t
Doctrina tributaria
_g
- NÂș 445 (abr. 2017)
_w
REV4296
999
_c
19963
_d
19963